Champions League Winning Teams - Statistics

General Stats
  • This quiz has been taken 67 times
  • The average score is 10 of 16
Answers on the Grid
Answers color-coded by a green-red scale on the quiz's grid according to % correct below.
Liverpool
Milan
FCSB
Arsenal
Atletico Madrid
Hamburg
Tottenham
Celtic
Galatasaray
Manchester City
Manchester United
Barcelona
Augsburg
Bayern Munich
Rangers
Leverkusen
Everton
Venezia
Crvena Zvezda
Feyenoord
Parma
Benfica
Aston Villa
Nottingham Forest
Marseille
PSG
Real Madrid
Stade Brestois
Torino
Fenerbahce
 
Answer Stats
Answer % Correct
Liverpool
95%
Milan
83%
Manchester United
74%
Manchester City
69%
Barcelona
67%
Bayern Munich
67%
Real Madrid
64%
Celtic
60%
Marseille
57%
Aston Villa
55%
FCSB
55%
Nottingham Forest
55%
Benfica
52%
Hamburg
48%
Feyenoord
45%
Crvena Zvezda
31%
No matching quizzes found
Score Distribution
Percent of People with Each Score
Percentile by Number Answered
Your Score History
You have not taken this quiz